Una visión exploratoria: sobre la situación de seguridad en la Costa Caribe de Nicaragua /
El documento consiste en un estudio exploratorio acerca del estado de la seguridad en la Costa Caribe de Nicaragua, identificando la asignación presupuestaria del sector seguridad y los problemas de la utilización de los recursos.
Gardado en:
| Autor Principal: | |
|---|---|
| Autor Corporativo: | |
| Formato: | Desconocido |
| Idioma: | Spanish |
| Publicado: |
Nicaragua :
IEEPP
2007
|
| Materias: | |
| Etiquetas: |
Engadir etiqueta
Sen Etiquetas, Sexa o primeiro en etiquetar este rexistro!
|
MARC
| LEADER | 00000 a2200000 04500 | ||
|---|---|---|---|
| 001 | 44536 | ||
| 003 | cru CIDCACS/IIS | ||
| 005 | 20230510132506.0 | ||
| 008 | 050629s2007 nq spa d | ||
| 020 | |a sin ISBN | ||
| 040 | |c CRAI/IIS | ||
| 090 | |a 02.04.02 O74v | ||
| 100 | |a Orozco Betancourt, Roberto José | ||
| 110 | |a Instituto de Estudios Estratégicos Políticas Públicas | ||
| 245 | |a Una visión exploratoria: |b sobre la situación de seguridad en la Costa Caribe de Nicaragua / |c Roberto José Orozco Betancourt; IEEPP | ||
| 260 | |a Nicaragua : |b IEEPP |c 2007 | ||
| 300 | |a 26 páginas | ||
| 520 | |a El documento consiste en un estudio exploratorio acerca del estado de la seguridad en la Costa Caribe de Nicaragua, identificando la asignación presupuestaria del sector seguridad y los problemas de la utilización de los recursos. | ||
| 650 | |a INSEGURIDAD | ||
| 650 | |a DELITOS | ||
| 650 | |a VIOLENCIA | ||
| 650 | |a TRAFICO DE DROGAS | ||
| 650 | |a PROBLEMAS SOCIALES | ||
| 650 | |a POLITICA GUBERNAMENTAL | ||
| 650 | |a LUCHA CONTRA LAS DROGAS | ||
| 650 | |a GEOGRAFIA | ||
| 650 | |a SEGURIDAD CIUDADANA | ||
| 942 | |2 ddc |c LI |h 02.04.02 O74v |i 06833 |6 020402_O74V_06833 | ||
| 999 | |c 2556 |d 2556 | ||
